000 00485nmm a2200169Ia 4500
008 251105s9999||||xx |||||||||||||||||und||
020 _a9788498958508
041 _aspa
100 _aPérez Azaúste, Joaquín
245 0 _aVida y leyenda del jinete eléctrico
264 _a[Madrid, España] :
_bVisor Libros,
_c2013
300 _a72 páginas
490 _aVisor de Poesía
650 _aSpanish poetry
856 _uhttps://public.digitaliapublishing.com/a/41528
942 _cCF
999 _c92313
_d92313